| 000 | 00825pam a2200229 a 4500 | ||
|---|---|---|---|
| 020 | _a0070080194 | ||
| 082 | 0 | 0 |
_a515.35 _bAYR _cL-1, P-30. |
| 100 | 1 |
_aAyres, Frank. _98744 |
|
| 245 | 1 | 0 |
_aSchaum's outline of theory and problems of differential equations / _cAyres Frank |
| 260 |
_aNew York : _bSchaum's Publications, _cc1952. |
||
| 300 |
_ax, 293 p. : _bill. ; _c28 cm. |
||
| 500 | _aIncludes index. | ||
| 500 | _aUpdated ed. of Schaum's outline of modern introductory differential equations. c1973. | ||
| 526 |
_a0 _b0 _c0 _d515_350000000000000_AYR |
||
| 526 |
_a0 _b0 _c0 _d515_350000000000000_AYR |
||
| 526 |
_a0 _b0 _c0 _d515_350000000000000_AYR |
||
| 526 |
_a0 _b0 _c0 _d515_350000000000000_AYR |
||
| 650 | 0 |
_aDifferential equations. _9688 |
|
| 650 | 0 |
_aMCE _9379 |
|
| 700 | 1 |
_aBronson, Richard. _936440 |
|
| 942 |
_2ddc _cBK |
||
| 999 |
_c543776 _d543776 |
||